| 000 | 00987nac a22002411u 4500 | ||
|---|---|---|---|
| 010 | _a 2004016760 | ||
| 020 | _a0321079027 (pbk.) | ||
| 082 | 0 | 0 |
_a327.73009 _bPAP |
| 090 |
_c7579 _d7579 |
||
| 100 | _aPapp, Daniel S., | ||
| 245 | 1 | 0 |
_aAmerican foreign policy : _bhistory, politics, and policy / _cDaniel S. Papp, Loch Johnson, and John Endicott. |
| 260 |
_aNew York : _bPearson Longman,2005 _cc2005. |
||
| 300 |
_axvi, 542 p. : _bill., maps ; _c24 cm. |
||
| 500 | _adistributer: Al-Ahram | ||
| 504 | _aIncludes bibliographical references and index. | ||
| 511 | _acatalogued by: wessam | ||
| 651 | 0 |
_aUnited States _xForeign relations. |
|
| 700 | 1 |
_aJohnson, Loch K., _d1942- |
|
| 700 | 1 | _aEndicott, John E. | |
| 856 | 4 | 1 |
_3Table of contents _uhttp://www.loc.gov/catdir/toc/ecip0420/2004016760.html |
| 942 |
_cBB _k327.73009PAP |
||
| 999 |
_c7579 _d7579 |
||